000 01848nam a2200361 a 4500
999 _c142296
_d142296
003 BLK
005 20250129005527.0
008 180409b bul|||||r ||||||| ||bul||
010 _aKNG00148384000
040 _aBLK
041 _aBUL
_cBUL
080 _aБългарска литература
_b821.163.2
_x-93-8
_z821.163.2-93-8
080 _aУкраинска литература
_b821.161.2
_x-93-8
_z821.161.2-93-8
139 _aПриятели
_bП 88
245 1 0 _aПриятели
_bТворби на укр. и бълг. писатели за деца
_cсъстав. Анатолий Костецки; състав. Георги Струмски; худож. Костадинка Методиева Измирлиева; прев. от укр. Пенка Асенова Кънева; прев. от укр. Янко Лазов Димов.
257 _aBGR
_aUKR
260 _bВеселка
_c1984
_aСофия
300 _a240 с.
_bс цв. ил.
_c24 см
380 _aDX
500 _aОфс. изд. - 16 115 тир.
700 1 _aКостецки, Анатолий
_eсъстав.
_982973
700 _aСтрумски, Георги
_d1932 - 2013
_gПисател, поет, преводач от руски език.
_qЙорданов, Георги Асенов
_9375654
700 1 _aИзмирлиева, Костадинка Методиева
_eхудож.
_9364778
700 _aКънева, Пенка Асенова
_9365440
700 1 _aДимов, Янко Лазов
_eпрев. от укр.
_9379606
852 _aЦб 262005
856 4 _qpdf
_i0.00
_ldisable
856 4 _qpdf
_i0.00
_ldisable
942 _cKNG
_n0
_s1
944 _aCR
_c03.08.2013
_lCRON CRON
_k
944 _aED
_c15.09.2017
_l03.08.2013 - от С1,Р / 03.08.2013
_kМилена_Ачева
999 _d142296